International Seminar on knitting an Emerging Scenario of Fabric Formation Proceedings (Record no. 5082)

MARC details
000 -LEADER
fixed length control field 00386nam a2200133Ia 4500
008 - FIXED-LENGTH DATA ELEMENTS--GENERAL INFORMATION
fixed length control field 220524s9999 xx 000 0 und d
041 ## - LANGUAGE CODE
Language code of text/sound track or separate title eng
082 ## - DEWEY DECIMAL CLASSIFICATION NUMBER
Classification number 1
100 ## - MAIN ENTRY--PERSONAL NAME
Personal name Ed.by Gandhi Naresh
9 (RLIN) 2901
245 ## - TITLE STATEMENT
Title International Seminar on knitting an Emerging Scenario of Fabric Formation Proceedings
260 ## - PUBLICATION, DISTRIBUTION, ETC. (IMPRINT)
Name of publisher, distributor, etc. The Textile Association India
650 ## - SUBJECT ADDED ENTRY--TOPICAL TERM
Topical term or geographic name as entry element Knitting
9 (RLIN) 2902
906 ## - LOCAL DATA ELEMENT F, LDF (RLIN)
a 351
Holdings
Withdrawn status Lost status Damaged status Not for loan Home library Current library Date acquired Cost, normal purchase price Total Checkouts Full call number Barcode Date last seen Cost, replacement price Bill Date Koha item type Original Barcode
        School of Fashion Technology School of Fashion Technology 15/12/2000 150.00   1 SOFT-BK-350 08/07/2022 150.00 08/07/2022 Books 000350